Top 10 Best Canadian Cities of All Time - Statistics

General Stats
  • This quiz has been taken 65 times
  • The average score is 8 of 10
Answer Stats
Hint Answer % Correct
6 Toronto
98%
9 Montreal
95%
4 Vancouver
95%
7 Calgary
93%
3 Edmonton
91%
5 Ottawa
91%
2 Winnipeg
80%
10 Quebec City
70%
1 Saskatoon
57%
8 Regina
54%
No matching quizzes found
Score Distribution
Percent of People with Each Score
Percentile by Number Answered
Your Score History
You have not taken this quiz